| 000 | 00586nam a22001817a 4500 | ||
|---|---|---|---|
| 005 | 20170630152218.0 | ||
| 010 | _aENG-118662 | ||
| 020 |
_a9788184655698 _c480.00 |
||
| 035 | _aEN-102194 | ||
| 037 | _bDBAD/PUB | ||
| 082 | _a282.092 | ||
| 100 | _aFernandes, John | ||
| 245 |
_aUnbeaten Paths : _cby John Fernandas _bTheological reflections on times of transition / |
||
| 260 |
_aDelhi _bISPCK _c2017 |
||
| 270 | _aPost Box 1585, 1654, Madarsa Road, Kashmere Gate, Delhi-110006 | ||
| 300 |
_axxx,423p _c23cm.(pbk) _bill.(Pictures) |
||
| 942 |
_2ddc _cEN _h282.092 _mFER |
||
| 999 |
_c141139 _d141139 |
||